Responses for show #5552 - Tuesday, October 28, 2008

Carl Brandt game 1.

Contestants

[<< previous game]

Carl Brandt, an investor originally from Pittsburgh, Pennsylvania

Becka Feighner, a clinic receptionist from Canton, Michigan

Mathew Safer, a transportation planner from South Orange, New Jersey (whose 2-day cash winnings total $44,701)

[next game >>]

Jeopardy! Round responses

AMERICAN EXPERIENCE: THE PRESIDENTS
(Alex: PBS's [*], which you can now view online.)
1980s TV
BRAND NAME SYMBOLS
WORLD CAPITAL HISTORY
USES FOR STALE BREAD
RHYME FEST
(Alex: Each correct response will rhyme with the word "fest".)
    $200 6
a Fireside Chat

Carl
    $200 14
(Carl: What is Dynasty?)

Dallas

BeckaCarl
    $200 19
Hallmark

Carl
    $200 1
Beijing

Mathew
    $200 11
croutons

Becka
    $200 24
a vest

Carl
    $400 7
"Star Wars"

Becka
    $400 15
(Carl: What is Knots Landing?)

Charlie's Angels

BeckaCarl
    $400 20
Animal Crackers

Carl
    $400 2
Mexico City

Becka
    $400 12
French toast

Carl
    $400 27
a pest

Mathew
    $600 8
Luci Baines Johnson

Becka
    $600 16
Robert Urich

Carl
    $600 21
a bunny

Carl
    $600 3
Riyadh

Becka
    $600 13
stuffing

Mathew
    $600 28
jest

Becka
    $800 9
the Clean Air Act

Becka
    $800 17
Hee Haw

Carl
    $800 22
(Carl: What is Scrubble?)

Scrubbing Bubbles

BeckaCarl
    $800 4
Cairo

Carl
    $800 25
breadcrumbs

Mathew
    $800 29
a chest

Mathew
    $1000 10
HUAC (House Un-American Activities Committee)

Carl
    $1000 18
Emmanuel Lewis

Carl
    $2,000 23
(Becka: What is a San Francisco trolley car?)
(Alex: Mmmmmmmmm. No. It's [*]. They have trolley cars in San Francisco, but on the Rice-A-Roni box, it is [*].)

a cable car

Becka
    $1000 5
Moscow

Mathew
    $1000 26
(Carl: What is focaccia?)

bruschetta

MathewCarl
    $1000 30
lest

Mathew

Scores at the first commercial break (after clue 15):

Mathew Becka Carl
$1,800 $3,600 $1,800

Scores at the end of the Jeopardy! Round:

Mathew Becka Carl
$5,800 $3,000 $3,800

Double Jeopardy! Round responses

I'M GETTING "C" SICK
A BEN KINGSLEY FILM FESTIVAL
(Alex: You have to ID each film.)
UNREAL ESTATE
CRAYOLA: A COLORFUL HISTORY
I SAY, HERMIONE
LET US GO TO THE OPERA
    $400 1
a cold

Becka
    $400 6
Oliver Twist

Carl
    $400 12
A Streetcar Named Desire

Mathew
    $400 21
Mr. Rogers

Mathew
    $400 26
Granger

Triple Stumper
    $400 11
an encore

Mathew
    $800 2
chicken pox

Mathew
    $2,000 7
Schindler's List

Carl
    $800 13
Dragonwyck

Triple Stumper
    $800 22
Grant Wood

Carl
    $800 27
(Carl: Who was Aphrodite?)

Helen of Troy

BeckaCarl
    $800 17
(Alex: Of course-sky.)

Tchaikovsky

Carl
    $1200 3
cat scratch fever

Mathew
    $1200 8
(Carl: What is Dutch?)

Bugsy

Carl
Triple Stumper
    $1200 14
(Carl: What is Howard's End?)

Northanger Abbey

BeckaCarl
    $1200 23
(Harold) Smith

Becka
    $3,000 28
India

Becka
    $1200 18
Don Giovanni

Carl
    $1600 4
a chigger

Mathew
    $1600 9
(Carl: What is The House of Shadows and Fog?)

The House of Sand and Fog

Carl
Triple Stumper
    $1600 15
H.G. Wells

Triple Stumper
    $1600 24
paraffin wax

Triple Stumper
    $1600 29
"I Remember It Well"

Triple Stumper
    $1600 19
(Mathew: Who is Tristan?)

Siegfried

MathewCarl
    $2000 5
a chilblain

Carl
    $2000 10
Sexy Beast

Triple Stumper
    $2000 16
Barry Lyndon

Carl
    $2000 25
St. Louis

Mathew
    $2000 30
(Mathew: What is Timon of Athens?)

The Winter's Tale

Mathew
Triple Stumper
    $2000 20
(Alex: [*], the only one he wrote.)
(Carl: [Vibrates lips] May I get, uh, HER--HER--HERMI--may I get CRAYOLA for $400?)
[Laughter]
(Alex: [Laughs] All right.)

Fidelio

Carl

Scores at the end of the Double Jeopardy! Round:

Mathew Becka Carl
$9,000 $9,600 $11,800

[wagering suggestions for these scores]

Final Jeopardy! Round responses

ASIAN NATIONS
(Alex: As we go to Carl Brandt. $11,800, and he came up with "What are..." You misunderstood the clue. You should have written down [*].)
MathewWhat are Azerbaijan + ?
$9,000
BeckaWhat are
$8,400
CarlWhat are Maza lov [Illegible]
$7,401
Afghanistan & Azerbaijan

Final scores:

Mathew Becka Carl
$0 $1,200 $4,399
3rd place: $1,000 2nd place: $2,000 New champion: $4,399

Game dynamics:

Coryat scores:

Mathew Becka Carl
$9,000 $9,800 $10,600
15 R,
2 W
15 R
(including 1 DD),
1 W
(including 1 DD)
20 R
(including 1 DD),
8 W

Combined Coryat: $29,400

The J! Archive is created by fans, for fans. The Jeopardy! game show and all elements thereof, including but not limited to copyright and trademark thereto, are the property of Jeopardy Productions, Inc. and are protected under law. This website is not affiliated with, sponsored by, or operated by Jeopardy Productions, Inc. Join the discussion at JBoard.tv.